Analýza vývoja zamestnanosti na Slovensku bakalárska práca

Na minha lista:
Detalhes bibliográficos
Autor principal: Navrátil, Kamil
Autor Corporativo: Podnikovohospodárska fakulta EU so sídlom v Košiciach. Katedra kvantitatívnych metód
Outros Autores: Rozkošová, Anna
Formato: Livro
Idioma:eslovaco
Publicado em: Košice 2017
Tags: Adicionar Tag
Sem tags, seja o primeiro a adicionar uma tag!

MARC

LEADER 00000nbm a2200000 4500
001 0231736
005 20171113104631.7
041 0 |a slo 
044 |a SK 
245 1 0 |a Analýza vývoja zamestnanosti na Slovensku  |b bakalárska práca  |c Kamil Navrátil ; školiteľ: Anna Rozkošová 
264 1 |a Košice  |c 2017 
300 |a 52 s. 
100 1 |a Navrátil, Kamil 
700 1 |a Rozkošová, Anna 
710 2 |a Podnikovohospodárska fakulta EU so sídlom v Košiciach. Katedra kvantitatívnych metód